Real Madrid Players Quiz - Statistics

General Stats
  • This quiz has been taken 1,592 times
    758 since last reset
  • The average score is 18 of 22
Answer Stats
# Nation Player % Correct
7 Brazil Vinícius Júnior
97%
10 Croatia Luka Modrić
96%
11 Brazil Rodrygo
96%
1 Belgium Thibaut Courtois
95%
4 Austria David Alaba
94%
8 Uruguay Federico Valverde
93%
5 United Kingdom (England) Jude Bellingham
93%
9 France Kylian Mbappé
93%
15 Turkey Arda Güler
90%
14 France Aurélien Tchouaméni
90%
6 France Eduardo Camavinga
90%
2 Spain Dani Carvajal
89%
3 Brazil Éder Militão
89%
13 Ukraine Andriy Lunin
87%
22 Germany Antonio Rüdiger
86%
23 France Ferland Mendy
84%
16 Brazil Endrick
81%
17 Spain Lucas Vázquez
67%
19 Spain Dani Ceballos
64%
20 Spain Fran García
58%
21 Spain Brahim Díaz
54%
18 Spain Jesús Vallejo
48%
No matching quizzes found
Score Distribution
Percent of People with Each Score
Percentile by Number Answered
Your Score History
You have not taken this quiz since the last reset